Cómo ser sí mismo
Gorde:
| Egile nagusia: | |
|---|---|
| Formatua: | Liburua |
| Hizkuntza: | gaztelania |
| Argitaratua: |
Buenos Aires
Depalma
1991
|
| Saila: | Obras de Ismael Quiles, 20
|
| Gaiak: | |
| Etiketak: |
Etiketa erantsi
Etiketarik gabe, Izan zaitez lehena erregistro honi etiketa jartzen!
|
MARC
| LEADER | 00000nam a2200000 a 4500 | ||
|---|---|---|---|
| 001 | UCY7762 | ||
| 003 | CL-VaPUC | ||
| 008 | 950622e19910000AG |||||||||||||||||spa|d | ||
| 082 | 0 | 4 | |a 201 |b QUI |2 21 |
| 100 | 0 | |a Quiles, Ismael |e author |9 338519 | |
| 245 | 1 | 0 | |a Cómo ser sí mismo |
| 300 | |a 136 p | ||
| 942 | |c BK | ||
| 945 | |d 19950622 00:00:00 |a aalvarez | ||
| 260 | |a Buenos Aires |b Depalma |c 1991 | ||
| 650 | 0 | |a Antropología filosófica |9 265842 | |
| 583 | |a last modification |c 19950622 00:00:00 |k Rodrigo Vera | ||
| 490 | 0 | |a Obras de Ismael Quiles, 20 | |
| 999 | |c 235081 |d 235079 | ||
| 952 | |0 0 |1 0 |4 0 |6 201_000000000000000_QUI_1991 |7 0 |8 A |9 242231 |a BIBTEO |b BIBTEO |d 2019-11-18 |i 3094162 |o 201 QUI 1991 |p 3094162 |r 2025-01-17 |w 2019-11-18 |y BK |k ICR | ||